00624nam a2200181Ia 4500952012900000999001700129003000400146005001700150008004100167040000900208082001800217100003300235245005300268260005100321300000800372650002000380942004200400 00102ddc40708ISLAMaMESbMEScISLd2019-02-20g6.00l0o297.54 FAI/Zp21555r2019-02-20 00:00:00w2019-02-20yBKzGL46R2 c22383d22383OSt20200207105740.0190216s9999||||xx |||||||||||||| ||und|| coclc a297.54bFAI/Z aFaizee, M P M Basheer 91890 0aZakath Adhunika Padhanam /cM P M Basheer Faizee bPoomkavanam Books Publishers,c1991.aCalicut: a53p aIslamic History cBK2ddch297.54iFAI/Zk297.54mFAI/Z